000 00311nam a22001337a 4500
008 170321b xxu||||| |||| 00| 0 eng d
020 _a9780534418205
041 _aeng
080 _26TH
_a616.12-008-073
100 _a7
101 _aSHM
245 _aFUNDAMENTALS OF BIOSTATISTICS
_cROSNER, B
942 _2udc
_cBK
999 _c8196
_d8196